| 000 | 00403pam a2200157 a 4500 | ||
|---|---|---|---|
| 020 | _a0070010978 | ||
| 040 | _cDLC | ||
| 082 | 0 | 0 | _a004 MCG 1988 A004 Or. |
| 100 | 1 | _aSchweber, William L. | |
| 245 | 1 | 0 | _aData communications / |
| 260 |
_aNew York : _bMcGraw-Hill, _cc1988. |
||
| 300 |
_axi, 564 p. : _bill. ; _c25 cm. |
||
| 500 | _aIncludes index. | ||
| 650 | 0 | _aData transmission systems. | |
| 942 | _cEK | ||
| 999 |
_c16372 _d16372 |
||